000 00622nam a2200217Ia 4500
005 20250508164615.0
008 008 250505s9999 xx 000 0 eng d
037 _aTextBook
040 _aFEDL
_beng
_cFEDL
041 _aeng
_2eng
084 _a370.954, AGG
_qFEDL
100 _aAggarwal J C
245 0 _aLandmarks in the history of modern Indian education
250 _a2nd Rev. Edition
260 _aNew Delhi, India
_bVikas Publishing house Pvt Ltd
_c1993
300 _axi,423p
365 _aINR
_b350
650 _aEducation - India
942 _cTB
_h370.954, AGG
999 _c1390108
_d1390108